| 000 | 01591nam a2200349 4500 | ||
|---|---|---|---|
| 003 | EG-GICUC | ||
| 005 | 20260121101435.0 | ||
| 008 | 251206s2004 ua ||||fr|||| 000 0 ara d | ||
| 017 | _a977-6139-02-7 | ||
| 040 |
_a EG-GICUC _bara _c EG-GICUC _d EG-GICUC _erda |
||
| 041 | 1 |
_aara _heng |
|
| 082 | 0 | 4 |
_221 _a343.46 _bأ و . ن |
| 092 | 0 | 4 | _221 |
| 099 | _aLaw1 10 343.46 أ و . ن 2004 | ||
| 100 | 0 |
_aأورين كير _eمؤلف. |
|
| 245 | 1 | 0 |
_aنطاق الجريمة الإفتراضية / _cتأليف البروفسير أورين كير ؛ ترجمة دكتور عمر بن يونس. |
| 250 | _aالطبعة الأولي. | ||
| 264 | 1 |
_aالقاهرة : _bدار النهضة العربية، _c2004. |
|
| 300 |
_a164 صفحة، صفحات غير مرقمة ؛ _c24 سم. |
||
| 336 |
_2rda content _atext |
||
| 337 |
_2rda media _aComputer |
||
| 338 |
_2rda carrier _aOnline Resource |
||
| 500 | _a (تفسير الدخول والتصريح به في إطار تشريعات الإساءة إلى الحاسوب ) بحث منشور في مجلة القانون / جامعة نيويورك - العدد 78 نوفمبر2003). | ||
| 504 | _aيشتمل على إرجاعات ببليوجرافية. | ||
| 546 | _aالنص باللغة العربية مترجم من الانجليزية | ||
| 650 | 1 |
_aالتشريعات المتعلقة بتقنية المعلومات _2qrmak |
|
| 651 | 1 | _2qrmak | |
| 700 | 0 |
_aعمر بن يونس. _eمترجم. |
|
| 856 | 4 | 0 | _uhttps://fll.law.cu.edu.eg/fulltext/bks/B10-06734.pdf |
| 905 |
_a62 _eYara |
||
| 942 |
_2ddc _n0 _cBK _e21 |
||
| 999 |
_c48730 _d48730 |
||